00329nam a2200121Ia 4500008004100000020001800041041001200059100002100071245004800092260004600140300000800186650001300194221030s9999 xx 000 0 und d a9789386456755 aEnglish aS. S. Srivastava 0aLaw of Contract I & IIcby S. S. Srivastava bCentral Law PublicationsaPrayagrajc2022 a840 aContract